Statistics for 7 Days in 15 Seconds

Click here to take the quiz!

General Stats

  • This quiz has been taken 39 times
  • The average score is 4 of 7

Answer Stats

Answer% Correct
Sunday
100%
Monday
69%
Tuesday
62%
Thursday
54%
Wednesday
54%
Friday
46%
Saturday
31%

Score Distribution

Percentile by Number Answered

Percent of People with Each Score

Your Score History

You have not taken this quiz